00494nam a2200169 a 4500008004100000020001500041050001800056100001800074245001600092260003600108300003700144350000900181500005100190650001200241650004800253700002300301120416s1983 ||||||||||||||||| || u a0421242108 aKD 175.H8 Ard aArden, Andrew10aHousing law aLondonbSweet and Maxwellc1983 aclxx, 1184 pages : illustrations a0.00 aIncludes bibliographical references and index. aHOUSING aHOUSING--LAW AND LEGISLATION--GREAT BRITAIN aPartington, Martin